| 000 | 00722nam a22001817a 4500 | ||
|---|---|---|---|
| 003 | UA-OsUOA | ||
| 001 | 9667 | ||
| 007 | ta | ||
| 008 | 20041124b un ||||| |||| 00| 0 ukr d | ||
| 100 | _aСавченко Н. | ||
| 942 | _cSA | ||
| 040 |
_aUA-OsUOA _cUA-OsUOA _dUA-OsUOA |
||
| 245 |
_aМіністр подбав про міліцію Рівненщини _b[Міністр внутр. справ України генерал-полковник М. Білоконь побував на Рівненщині з одноден. робоч. візитом] |
||
| 300 | _aС.1 | ||
| 955 | _a0 | ||
| 773 | 0 |
_w0 _tВісті Рівненщини _dРівне _d2004 _g№105/10 листоп./ |
|
| 650 | 7 |
_aБілоконь М. _2UDC |
|
| 999 |
_c295828 _d295828 |
||